Movies Quiz

Random Movies or Director Quiz

Peter Jackson Movies Quiz Stats

 Plays Quiz Updated Aug 15, 2019

Score 0/13 Timer 04:00
7 Plays Today
Year Movie % Correct
2002The Lord of the Rings: The Two Towers
94.9%
2003The Lord of the Rings: The Return of the King
93.6%
2001The Lord of the Rings: The Fellowship of the Ring
93.5%
2013The Hobbit: The Desolation of Smaug
75%
2012The Hobbit: An Unexpected Journey
71.4%
2005King Kong
69.2%
2014The Hobbit: The Battle of the Five Armies
68.4%
1994Heavenly Creatures
32.8%
2009The Lovely Bones
32.7%
1992Dead Alive
28.5%
1996The Frighteners
27.3%
1987Bad Taste
24.1%
1989Meet the Feebles
21.7%

You're not logged in!

Compare scores with friends on all Sporcle quizzes.
OR
Log In

Sporcle TV

Today on Sporcle TV


Watch our educational content, quiz creation guides, and fun videos on Sporcle TV.

Show Comments

Extras

Top Quizzes Today


Score Distribution

Your Account Isn't Verified!

In order to create a playlist on Sporcle, you need to verify the email address you used during registration. Go to your Sporcle Settings to finish the process.

Report this User

Report this user for behavior that violates our Community Guidelines.

Details: